[Event "GER-chT U10"]
[Site "Magdeburg"]
[Date "2012.12.29"]
[Round "7.1"]
[White "Streifler, Till Morice"]
[Black "Neumann, Tina"]
[Result "0-1"]
[WhiteElo "797"]
[BlackElo "1032"]
[PlyCount "38"]
[EventDate "2012.12.27"]
[EventType "team-swiss"]
[EventRounds "7"]
[EventCountry "GER"]
[SourceTitle "EXT 2014"]
[Source "ChessBase"]
[SourceDate "2013.11.20"]
[SourceVersion "1"]
[SourceVersionDate "2013.11.20"]
[SourceQuality "1"]
[WhiteTeam "Magdeburg Schachzwerge III"]
[BlackTeam "Meuselwitz"]
[WhiteTeamCountry "GER"]
[BlackTeamCountry "GER"]

1. e4 c5 2. Nf3 a6 3. d3 Nc6 4. Ng5 Nf6 5. Nc3 e6 6. Be2 h6 7. Nxf7 Kxf7 8. Bf4 e5 9. Bh5+ g6 10. Bf3 exf4 11. Qe2 Nd4 12. Qd2 Bd6 13. 0-0 Nxf3+ 14. gxf3 Nh5 15. Rad1 Be5 16. Nd5 d6 17. c4 Bh3 18. a3 Qg5+ 19. Kh1 Qg2# 0-1